中小私鉄のみが2社以上乗り入れる駅 - Statistics

General Stats
  • This quiz has been taken 276 times
    96 since last reset
  • The average score is 8 of 18
Answer Stats
Hint Answer % Correct
石川県 倶利伽羅
79%
青森県 目時
77%
石川県 大聖寺
73%
千葉県 上総中野
72%
新潟県 市振
72%
新潟県 妙高高原
65%
茨城県 守谷
59%
静岡県 西鹿島
55%
福島県 会津高原尾瀬口
52%
富山県 滑川
45%
福井県 田原町
40%
愛知県 八草
40%
東京都 天王洲アイル
27%
広島県 本通
21%
高知県 後免町
15%
大阪府 恵美須町
8%
大阪府 大日
7%
大阪府 阿倍野
4%
No matching quizzes found
Score Distribution
Percent of People with Each Score
Percentile by Number Answered
Your Score History
You have not taken this quiz since the last reset